Lowland forestry on traditional estates. (Record no. 94787)

MARC details
000 -LEADER
fixed length control field 00915cam a2200301 4500
008 - FIXED-LENGTH DATA ELEMENTS--GENERAL INFORMATION
fixed length control field 090401t1996 xxu||||| |||| 00| 0 eng d
020 ## - INTERNATIONAL STANDARD BOOK NUMBER
International Standard Book Number 0854067752
035 ## - SYSTEM CONTROL NUMBER
System control number (Sirsi) u65780
041 ## - LANGUAGE CODE
Language code of text/sound track or separate title eng
050 ## - LIBRARY OF CONGRESS CALL NUMBER
Classification number 634.928
090 ## - LOCALLY ASSIGNED LC-TYPE CALL NUMBER (OCLC); LOCAL CALL NUMBER (RLIN)
Classification number (OCLC) (R) ; Classification number, CALL (RLIN) (NR) RICS 1996/57ABCD
100 ## - MAIN ENTRY--PERSONAL NAME
Personal name Nicholls, Derek
245 ## - TITLE STATEMENT
Title Lowland forestry on traditional estates.
260 ## - PUBLICATION, DISTRIBUTION, ETC.
Place of publication, distribution, etc. London
Name of publisher, distributor, etc. RICS
Date of publication, distribution, etc. 1996
300 ## - PHYSICAL DESCRIPTION
Extent 57p. ; 30cm.
350 ## - PRICE (NR) (BK AM CF MU VM SE) [OBSOLETE]
Price 14.95
520 ## - SUMMARY, ETC.
Summary, etc. A research project carried out for the Royal Institution of Chartered Surveyors by the Department of Land Economy, Cambridge University.
650 ## - SUBJECT ADDED ENTRY--TOPICAL TERM
Topical term or geographic name entry element LOWLAND FORESTRY
650 ## - SUBJECT ADDED ENTRY--TOPICAL TERM
Topical term or geographic name entry element WOODLAND MANAGEMENT
650 ## - SUBJECT ADDED ENTRY--TOPICAL TERM
Topical term or geographic name entry element WOODLAND
690 ## - LOCAL SUBJECT ADDED ENTRY--TOPICAL TERM (OCLC, RLIN)
Topical term or geographic name as entry element RURAL PRACTICE
700 ## - ADDED ENTRY--PERSONAL NAME
Personal name Johnson, Jennifer
700 ## - ADDED ENTRY--PERSONAL NAME
Personal name Royce, Caroline
710 ## - ADDED ENTRY--CORPORATE NAME
Corporate name or jurisdiction name as entry element Royal Institution of Chartered Surveyors
9 (RLIN) 4900
710 ## - ADDED ENTRY--CORPORATE NAME
Corporate name or jurisdiction name as entry element University of Cambridge
9 (RLIN) 713
942 ## - ADDED ENTRY ELEMENTS (KOHA)
Suppress in OPAC 0
948 ## - LOCAL PROCESSING INFORMATION (OCLC); SERIES PART DESIGNATOR (RLIN)
c (OCLC) 04/03/1997
Holdings
Withdrawn status Lost status Source of classification or shelving scheme Damaged status Not for loan Home library Current library Shelving location Date acquired Cost, normal purchase price Total Checkouts Full call number Barcode Date last seen Copy number Cost, replacement price Price effective from Koha item type
    Dewey Decimal Classification     London London RICS Boxes 06/08/1996 14.95   RICS 1996/57 30051412 06/08/2019 1 14.95 06/08/2019 Archive
    Dewey Decimal Classification     London London RICS Boxes 06/08/1996 14.95   RICS 1996/57 30051413 06/08/2019 2 14.95 06/08/2019 Reference material
    Dewey Decimal Classification     London London RICS Boxes 06/08/1996 14.95   RICS 1996/57 30051414 06/08/2019 3 14.95 06/08/2019 Book